MARC

LEADER 00000nam0a2200000 4500
001 192624
005 20231031181428.0
010 |a 5110013292 
035 |a (RuTPU)RU\TPU\book\210043 
090 |a 192624 
100 |a 20110304d1990 m y0rusy50 ca 
101 0 |a rus 
102 |a UA 
105 |a a j 001zy 
200 1 |a Функциональный анализ  |e курс лекций  |e учебное пособие  |f Ю.М. Березанский, Г. Ф. Ус, З. Г. Шефтель 
210 |a Киев  |c Выща школа  |d 1990 
215 |a 600 с.  |c ил. 
320 |a Библиогр.: с. 589-593. 
320 |a Предметный указатель: с. 594-596. 
610 1 |a функциональный анализ 
610 1 |a теория меры 
610 1 |a измеримые функции 
610 1 |a интегралы 
610 1 |a теорема Фубини 
610 1 |a теорема Радона-Никодима 
610 1 |a интеграл Лебега 
610 1 |a гильбертовы пространства 
610 1 |a линейные непрерывные функционалы 
610 1 |a линейные операторы 
610 1 |a спектральные разложения 
610 1 |a оснащенные пространства 
610 1 |a дифференциальные операторы 
610 1 |a лекции 
610 1 |a учебные пособия 
675 |a 517.98(035)  |v 3 
700 1 |a Березанский  |b Ю.М.  |g Юрий Макарович 
701 1 |a Ус  |b Г. Ф.  |g Георгий Федорович 
701 1 |a Шефтель  |b З. Г.  |g Зиновий Григорьевич 
801 1 |a RU  |b 63413507  |c 20110304 
801 2 |a RU  |b 63413507  |c 20131206  |g RCR 
942 |c BK